| 000 | 00454nam a22001697a 4500 | ||
|---|---|---|---|
| 005 | 20260226111521.0 | ||
| 008 | 260226b |||||||| |||| 00| 0 eng d | ||
| 020 | _a0-435-08621-9 | ||
| 050 |
_aPQ 3989 .A813 D524 1993 _b1 |
||
| 100 | _aDJEBAR, ASSIA | ||
| 245 | _aFANTASIA AN ALGERIAN CAVALCADE | ||
| 260 |
_aGOODGE STREET _bQUARTERT BOOKS _c1993 |
||
| 300 | _a227P | ||
| 650 | _aALGERIAN CAVALCADE | ||
| 700 | _aBLAIR DOROTHY .S | ||
| 942 |
_2lcc _cBK |
||
| 999 |
_c216697 _d216697 |
||